书目信息 |
| 题名: |
中国古代文学作品讲析
|
|
| 作者: | 张人和 主编 | |
| 分册: | 下册 | |
| 出版信息: | 北京 高等教育出版社 1988.9 |
|
| 页数: | 475页 | |
| 开本: | 20厘米 | |
| 丛书名: | ||
| 单 册: | ||
| 中图分类: | I206.2 | |
| 科图分类: | ||
| 主题词: | 文学--中国 | |
| 电子资源: | ||
| ISBN: | 7-04-000080-6 | |
| 000 | 00781nam0 2200253 45 | |
| 001 | 0189028495 | |
| 005 | 20040422093656.9 | |
| 010 | @a7-04-000080-6@dCNY4.00 | |
| 020 | @aCN@b89028495 | |
| 100 | @a19911017d1988 m y0chiy0120 ea | |
| 101 | 0 | @achi |
| 102 | @aCN@b110000 | |
| 105 | @ay z 000zy | |
| 106 | @ar | |
| 200 | 10 | @a中国古代文学作品讲析@Azhong guo gu dai wen xue zuo pin jiang xi@h下册@f张人和主编@Fzhang ren he zhu bian |
| 210 | @a北京@c高等教育出版社@d1988.9 | |
| 215 | @a475页@d20厘米 | |
| 300 | @a高等教育自学考试汉语言文学专业用书 | |
| 540 | 1 | @a中国 古代文学 作品@Azhong guo gu dai wen xue zuo pin |
| 606 | 0 | @a文学@x中国 |
| 690 | @aI206.2 | |
| 701 | 0 | @a张人和@Azhang ren he@4主编 |
| 801 | 0 | @aCN@bNLC@c19911017 |
| 905 | @f1@b217211@dI206.2@e124:2 | |
| 中国古代文学作品讲析.下册/张人和主编.-北京:高等教育出版社,1988.9 |
| 475页;20厘米 |
| 高等教育自学考试汉语言文学专业用书 |
| ISBN 7-04-000080-6:CNY4.00 |
| ● |
| 相关链接 |
|
|
|
|
正题名:中国古代文学作品讲析
索取号:I206.2/124:2
 
预约/预借
| 序号 | 登录号 | 条形码 | 馆藏地/架位号 | 状态 | 备注 |
| 1 | 0217083 | 000049726 | 修补库/ [索取号:I206.2/124:2] | 在馆 | |
| 2 | 0217211 | 000049735 | 第二借阅区/ [索取号:I206.2/124:2] | 在馆 | |
| 3 | 0217212 | 202073790 | 第一样本阅览室/ [索取号:I206.2/124:2] | 在馆 |